The effects of Eurycoma Longifolia Jack Tongkat Ali root extract hydrogel on histological and immunohistochemical parameters of wound healing
Saved in:
| 主要作者: | |
|---|---|
| 格式: | 图书 |
| 标签: |
添加标签
没有标签, 成为第一个标记此记录!
|
| LEADER | 00746nam a2200145 4500 | ||
|---|---|---|---|
| 100 | |a Bayati, Maryam Riyadh Yaseen |9 576001 | ||
| 245 | |a The effects of Eurycoma Longifolia Jack Tongkat Ali root extract hydrogel on histological and immunohistochemical parameters of wound healing | ||
| 264 | |a Kuantan : |b Kulliyyah of Medicine, International Islamic University Malaysia, |c 2022 | ||
| 336 | |2 rdacontent | ||
| 337 | |2 rdamedia | ||
| 338 | |2 rdacarrier | ||
| 942 | |2 lcc |n 0 | ||
| 999 | |c 516822 |d 548239 | ||
| 952 | |0 0 |1 0 |2 lcc |4 0 |7 5 |8 IIUMTHESIS |9 1016841 |a KIMC |b KIMC |c THESIS |d 2023-07-03 |p 11100484119 |r 2023-07-03 |w 2023-07-03 |y THESIS | ||
| 952 | |0 0 |1 0 |2 lcc |4 0 |7 5 |8 THESISSOFTCOPY |9 1016842 |a KIMC |b KIMC |c MULTIMEDIA |d 2023-07-03 |p 11100484120 |r 2023-07-03 |w 2023-07-03 |y THESISDIG | ||
